000 00312nam a22001337a 4500
008 180814b xxu||||| |||| 00| 0 eng d
020 _a0816317208
041 _aeng
080 _a61
100 _a3
101 _ashm
245 _aFAMILY MEDICINE GUIDE TO HEALTH FITNESS
_cHARDINGE.M.C
942 _2udc
_cBK
999 _c47068
_d47068